00501cam a2200157 a 450000100100000000500170001000800410002704000250006808200190009310000340011224500600014626000480020630000270025465000300028165000320031100000616520200929151945.0850820s1984 pr a 000 p spa d aDO-SdBNPbspacBNPHU aPR861.4bH557c1 aHernández Pérez, Zenón.10aCapullos de mi jardín /cZenón Hernández Pérez. aLas Piedras, Puerto Rico :bRamallo,c1984. a99 p. :bil. ;c20 cm. 4aPoesía puertorriqueña 4aLiteratura puertorriqueña